000 00773cam a2200229 a 4500
001 000011618
005 20200929162514.0
008 780420s1977 ve b 000 0 spa
040 _aDO-SdBNP
_bspa
_cDLC
_dDLC
_dBNPHU
082 _a665.538
_bA185p, 1977
100 1 _aAcosta Hermoso, Eduardo,
_d1918-
_927485
245 1 0 _aPetroquímica :
_b¿desastre o realidad? /
_cEduardo Acosta-Hermoso.
250 _a2a. ed.
260 _aCaracas, (Venezuela) :
_b[Binev],
_c1977.
300 _a218 p. ;
_c19 cm.
504 _aBibliografía: 217-218.
650 4 _aProductos del petróleo
_927486
650 4 _aIndustria petroquímica
_zVenezuela
_xHistoria
_927487
650 4 _aIndustria del petróleo
_zVenezuela
_927488
910 _aCatalogación por copia / LC
049 _aBNGR
999 _c11311
_d11311